header

Shock therapy (Record no. 47916)

MARC details
000 -LEADER
fixed length control field 01983nam a2200337 a 4500
082 04 - DEWEY DECIMAL CLASSIFICATION NUMBER
Classification number 616.89/122
100 1# - MAIN ENTRY--AUTHOR NAME
Personal name Shorter, Edward.
245 10 - TITLE STATEMENT
Title Shock therapy
260 ## - PUBLICATION, DISTRIBUTION, ETC. (IMPRINT)
Place of publication New Brunswick, N.J. :
Name of publisher Rutgers University Press,
Year of publication c2007.
300 ## - PHYSICAL DESCRIPTION
Number of Pages xii, 382 p. :
Other physical details ill.
505 0# - FORMATTED CONTENTS NOTE
Formatted contents note The penicillin of psychiatry? -- "Some experiments on the biological influencing of the course of schizophrenia" -- "Madness cured with electricity" -- From the university clinic to the psychiatric institute: shock therapy goes global -- The couch or the treatment table? -- "ECT does not create zombies" -- "They're going to fry your brains!" -- The end of "Bedlam" and the age of psychopharmacology -- The swinging pendulum: the effects of politics, law, and changes in medical culture on ECT -- Electrogirl and the new ECT -- Magnets and implants: new therapies for a new century? -- Epilogue: irrational science.
650 #0 - SUBJECT ADDED ENTRY--TOPICAL TERM
Topical Term Electroconvulsive therapy
700 1# - ADDED ENTRY--PERSONAL NAME
Personal name Healy, David,
856 40 - ELECTRONIC LOCATION AND ACCESS
Uniform Resource Identifier http://site.ebrary.com/lib/rucke/Doc?id=10635022

No items available.

© 2026 Rongo University
Contact us: librarian | system librarian | Rongo university